Trabajadores Guatemaltecos en México: consideraciones sobre la corriente migratoria de trabajadores guatemaltecos estacionales a Chiapas /
Los trabajdores guatemaltecos en México es la historia d los migrantes estacionales en Chiapas, corriente de viajeros inicada enel siglo pasado, que se refiere en sus rasgos fundamentales y antecedentes históricos. El libro contiene además una regionalización fronteriza para México y Guatemala , una...
Guardat en:
| Autor principal: | |
|---|---|
| Format: | Desconegut |
| Idioma: | Spanish |
| Publicat: |
Guatemala :
Editorial Tiempos Modernos,
|
| Matèries: | |
| Etiquetes: |
Afegir etiqueta
Sense etiquetes, Sigues el primer a etiquetar aquest registre!
|
MARC
| LEADER | 00000 a2200000 04500 | ||
|---|---|---|---|
| 001 | 40259 | ||
| 003 | |||
| 008 | 050612s1990 gt spa d | ||
| 040 | |||
| 020 | |a [sin ISBN] | ||
| 022 | |a [sin ISBN] | ||
| 090 | |a 1002 M912t | ||
| 100 | |a Mosquera Aguilar, Antonio | ||
| 245 | |a Trabajadores Guatemaltecos en México: |b consideraciones sobre la corriente migratoria de trabajadores guatemaltecos estacionales a Chiapas / |c Antonio Mosquera Aguilar | ||
| 260 | |a Guatemala : |b Editorial Tiempos Modernos, | ||
| 300 | |a 160 páginas : tablas, gráficos, mapas | ||
| 520 | |a Los trabajdores guatemaltecos en México es la historia d los migrantes estacionales en Chiapas, corriente de viajeros inicada enel siglo pasado, que se refiere en sus rasgos fundamentales y antecedentes históricos. El libro contiene además una regionalización fronteriza para México y Guatemala , una metodología de rendición migratoria y una posición que se traduce en un juicio sobre el fenómeno estudiado que deberá ser tenida en cuenta por los involucrados adcadémica y vitalmente en esta parte del mundo. | ||
| 650 | |a TRABAJADORES | ||
| 650 | |a TRABAJADORES MIGRATORIOS | ||
| 650 | |a TRABAJADORES AGRICOLAS | ||
| 650 | |a TENENCIA DE LA TIERRA | ||
| 650 | |a FRONTERAS | ||
| 999 | |c 17120 |d 17120 | ||
